000
00234nam a2200097Ia 4500
008
220204s9999 xx 000 0 und d
100
_a
Chase, James Hadley
245
0
_a
Hotter than hell
260
_a
london
_b
Panther
_c
1978
942
_c
BK
999
_c
29531
_d
29531